| 000 | 00606 a2200193 4500 | ||
|---|---|---|---|
| 999 |
_c8708 _d8708 |
||
| 020 | _a9781859415863 | ||
| 050 | _aK3585 SOU 2001 C.2 | ||
| 100 |
_aSunkin, Maurice _eeditor |
||
| 245 |
_aSource book on Environmental law _cedited by Maurice Sunkin, David,M.Ong and Robert Wright |
||
| 250 | _a2nd ed | ||
| 264 |
_aNew York : _bRoutledge, _c2001 |
||
| 300 | _a901 p. : | ||
| 500 | _aIncludes index and bibliographical references | ||
| 650 | _aEnvironmental law | ||
| 700 |
_aBarrister _eeditor |
||
| 700 |
_aDavid M Ong _eeditor |
||
| 700 |
_aRobert Wight _eeditor |
||
| 942 |
_2lcc _cBK _e2nd _h3585 _iSOU _kK |
||